The economics analysis on rice production providing the environmental services in sangkat srayov krong stueng sen saen kampot thom province, ការវិភាគសេដ្ឋកិច្ចទៅលើផលិតកម្មដំណាំស្រូវផ្ដល់នូវសេវាកម្មបរិស្ថាននៅសង្កាត់ស្រយ៉ូវ ក្រុងស្ទឹងសែន ខេត្តកំពង់ធំ (Record no. 5167)

000 -LEADER
fixed length control field 00814nam a22001337a 4500
040 ## - CATALOGING SOURCE
Transcribing agency RUA
082 ## - DEWEY DECIMAL CLASSIFICATION NUMBER
Classification number AED KEO 2012 B263 Or.1
100 ## - MAIN ENTRY--AUTHOR NAME
Personal name KEO, SOCHEAT.
245 ## - TITLE STATEMENT
Title The economics analysis on rice production providing the environmental services in sangkat srayov krong stueng sen saen kampot thom province, ការវិភាគសេដ្ឋកិច្ចទៅលើផលិតកម្មដំណាំស្រូវផ្ដល់នូវសេវាកម្មបរិស្ថាននៅសង្កាត់ស្រយ៉ូវ ក្រុងស្ទឹងសែន ខេត្តកំពង់ធំ
260 ## - PUBLICATION, DISTRIBUTION, ETC. (IMPRINT)
Place of publication Phnom Penh
Name of publisher RUA
Year of publication 2012
300 ## - PHYSICAL DESCRIPTION
Number of Pages xiii; 64p.
Other physical details ill.
Dimensions 29cm.
856 ## - ELECTRONIC LOCATION AND ACCESS
Uniform Resource Identifier https://drive.google.com/file/d/1In6XEDAOB8SMSzQto3LbrXvxEObL2Vrk/view?usp=sharing
942 ## - ADDED ENTRY ELEMENTS (KOHA)
Koha item type AED
952 ## - LOCATION AND ITEM INFORMATION (KOHA)
Withdrawn status [LOCAL, KOHA] 0
952 ## - LOCATION AND ITEM INFORMATION (KOHA)
Withdrawn status [LOCAL, KOHA] 0
952 ## - LOCATION AND ITEM INFORMATION (KOHA)
Withdrawn status [LOCAL, KOHA] 0
952 ## - LOCATION AND ITEM INFORMATION (KOHA)
Withdrawn status [LOCAL, KOHA] 0
952 ## - LOCATION AND ITEM INFORMATION (KOHA)
Withdrawn status [LOCAL, KOHA] 0
952 ## - LOCATION AND ITEM INFORMATION (KOHA)
Withdrawn status [LOCAL, KOHA] 0
Holdings
Permanent Location Date acquired Koha item type Lost status Shelving location Barcode Current Location Full call number
Library Block B2015-12-24AED B263RUA035838Library Block BAED KEO 2012 B263 Or.1
Library Block B2015-12-24AED B263RUA046488Library Block BAED KEO 2012 B263 Or.2
Library Block B2015-12-24AED B263RUA036200Library Block BAED KEO 2012 B263 Or.3
Library Block B2015-12-24AED B263RUA033235Library Block BAED KEO 2012 B263 Or.4
Library Block B2015-12-24AED B263RUA032572Library Block BAED KEO 2012 B263 Or.5
Library Block B2015-12-24AED B263RUA033187Library Block BAED KEO 2012 B263 Or.6
មជ្ឈមណ្ឌលឯការនៃសាកលវិទ្យាល័យភូមិន្ទកសិកម្មចំការដូង

Powered by Koha